000 00770nam a2200217Ia 4500
003 GCL
005 20240530102116.0
008 140319s9999 xx 000 0 ara d
040 _aGCL /
_cGCL
082 0 4 _a415.1
_bا ج
100 1 _aالاربلى ، على الدين بن على
245 1 0 _aجواهر الادب فى معرفة كلام العرب /
_cالاربلى، على الدين بن على ؛ محقق حامد احمد نبيل
260 _a[ القاهرة ] :
_bمكتبة النهضة المصرية ،
_c1984
300 _a560 ص؛
_b24 سم
650 0 4 _aالنحو
650 0 4 _aاللغة العربية
650 0 4 _aالحروف
650 0 4 _aالجملة الاسمية
700 1 _aحامد احمد نبيل
942 _2ddc
_cBK
999 _c29887
_d29887